000 00639nam a2200229Ia 4500
003 OSt
005 20221005082125.0
006 a|||||r|||| 00| 0
007 ta
008 221004b |||||||| |||| 00| 0 mal d
024 _a54670
037 _cTextual
040 _aCRL
_cCRL
_bmal
041 _2mal
_amal
082 _aO32,1xN20, K2
100 _aPillai Suranad Kunjan
_9611571
245 0 _aMalayala kavya ratnakaram
260 _aNew Delhi
_bSahitya Akademi India
_c1962
650 _aMALAYALAM LITERATURE
_938866
942 _hO32,1xN20, K2
_cTEXL
_2cc
999 _c988750
_d988750